|
|
|
|
| LEADER |
00000cam a2200000 7i4500 |
| 001 |
0000140497 |
| 005 |
20100818.0 |
| 020 |
|
|
|a 9789810468149
|
| 020 |
|
|
|a 9810468148
|
| 090 |
0 |
0 |
|a 508.5957
|b CHU
|
| 100 |
0 |
|
|a Chua Ee Kiam
|
| 245 |
1 |
0 |
|a Chek Jawa :
|b discovering Singapore's biodiversity
|c Chua Ee Kiam
|
| 260 |
|
|
|a Singapore :
|b Simply Green ,
|c 2002
|
| 300 |
|
|
|a 115p. ;
|c 23cm.
|
| 650 |
0 |
0 |
|a Biodiversity
|z Singapore
|z Chek Jawa
|
| 650 |
0 |
0 |
|a Coastal biology
|z Singapore
|z Chek Jawa
|
| 650 |
0 |
0 |
|a Marine ecology
|z Singapore
|z Chek Jawa
|
| 650 |
0 |
0 |
|a Natural history
|z Singapore
|z Chek Jawa
|
| 651 |
|
0 |
|a Chek Jawa (Singapore)
|
| 999 |
|
|
|a 00238225
|b BUKU
|c PINJAMAN
|e PERPUSTAKAAN KOMUNITI PETALING JAYA
|